000
00207nam a22000977a 4500
082
_a
747.78 BOO'K
245
_a
BOOK OF MODERN BATHROOMS
260
_a
LONDON
_b
TECHNICAL
_c
1958
300
_a
112P
942
_c
BK
999
_c
568325
_d
568325